Syntactic Nuts: (Record no. 622593)

MARC details
000 -LEADER
fixed length control field 00541nam a2200181 4500
008 - FIXED-LENGTH DATA ELEMENTS--GENERAL INFORMATION
fixed length control field 260505b |||||||| |||| 00| 0 eng d
020 ## - INTERNATIONAL STANDARD BOOK NUMBER
ISBN 9780198700234
Paper back/Hardbound pbk
041 ## - LANGUAGE CODE
Language code of text/sound track or separate title eng
082 ## - DEWEY DECIMAL CLASSIFICATION NUMBER
Classification number 401.93 CUL
100 ## - MAIN ENTRY--AUTHOR NAME
Personal name Culicover Peter W.
245 ## - TITLE STATEMENT
Title Syntactic Nuts:
Sub Title Hard Cases, Syntactic Theory and Language Acquisition,
Statement of responsibility, etc Peter W. Culicover.
260 ## - PUBLICATION, DISTRIBUTION, ETC. (IMPRINT)
Place of publication United Kingdom
Name of publisher Oxford University Press
Year of publication 1999
300 ## - PHYSICAL DESCRIPTION
Number of Pages 244p. :
Dimensions 24cm.
504 ## - BIBLIOGRAPHY, ETC. NOTE
Bibliography, etc Includes index
650 ## - SUBJECT ADDED ENTRY--TOPICAL TERM
Topical Term Philosophy & theory
942 ## - ADDED ENTRY ELEMENTS (KOHA)
Koha item type English Books
Holdings
Withdrawn status Lost status Damaged status Not for loan Home library Current library Shelving location Date acquired Full call number Accession Number Price effective from Koha item type
        Anna Centenary Library Anna Centenary Library 4TH FLOOR, A WING 05.05.2026 401.93 CUL 141198 05.05.2026 English Books

Find us on the map